[Event "St Louis Winter A 2019"]
[Site "Saint Louis USA"]
[Date "2019.11.14"]
[Round "5"]
[White "Gabuzyan, Hovhannes"]
[Black "Sethuraman, S.P."]
[Result "0-1"]
[WhiteElo "2616"]
[BlackElo "2634"]
[PlyCount "94"]
[EventDate "2019.11.10"]

1. c4 Nf6 2. d3 e6 3. Nf3 d5 4. Nbd2 c5 5. g3 Nc6 6. Bg2 Be7 7. O-O O-O 8. b3
d4 9. Ne1 e5 10. e4 dxe3 11. fxe3 Bg4 12. Qc2 Be2 13. Rf2 Bh5 14. Ne4 Ng4 15.
Rf1 f5 16. Nf2 Qd6 17. Nxg4 Bxg4 18. a3 Nd4 19. Qf2 Nxb3 20. Rb1 Nxc1 21. Bd5+
Kh8 22. Rxc1 Rab8 23. a4 b6 24. Ng2 Bh5 25. Rce1 Be8 26. Qc2 Bd7 27. Rf2 a6 28.
Qa2 g6 29. Ref1 Bf6 30. e4 Bg7 31. exf5 Bxf5 32. Qb3 Bd7 33. Rxf8+ Rxf8 34.
Rxf8+ Bxf8 35. Nh4 Qf6 36. Nf3 Bh6 37. Kf2 g5 38. a5 bxa5 39. Qb8+ Bf8 40. Kg2
Qd6 41. Qb7 Qe7 42. Nxg5 Bf5 43. Nf7+ Kg7 44. Qb6 Qf6 45. Qc7 Be7 46. Qb8 Bh3+
47. Kxh3 Qf1+ 0-1

[Event "St Louis Winter A 2019"]
[Site "Saint Louis USA"]
[Date "2019.11.14"]
[Round "5"]
[White "Naroditsky, Daniel"]
[Black "Sevian, Samuel"]
[Result "1/2-1/2"]
[WhiteElo "2613"]
[BlackElo "2657"]
[PlyCount "63"]
[EventDate "2019.11.10"]

1. Nf3 d5 2. g3 Nd7 3. Bg2 e5 4. d3 Ngf6 5. O-O Bd6 6. Nbd2 O-O 7. e4 c6 8. b3
Re8 9. Bb2 a5 10. a4 b6 11. Re1 Bb7 12. d4 Nxe4 13. dxe5 Nxd2 14. exd6 Ne4 15.
c4 Nxd6 16. cxd5 cxd5 17. Rxe8+ Qxe8 18. Qd4 Qf8 19. Ba3 Nc5 20. Bxc5 bxc5 21.
Qxc5 Qd8 22. Re1 Rc8 23. Qd4 h6 24. h4 Qc7 25. b4 axb4 26. Qxb4 Qc5 27. Rb1
Qxb4 28. Rxb4 Kf8 29. Rb6 Rc6 30. Rxc6 Bxc6 31. Ne5 Bxa4 32. Bxd5 1/2-1/2

[Event "St Louis Winter A 2019"]
[Site "Saint Louis USA"]
[Date "2019.11.14"]
[Round "5"]
[White "Sarana, Alexey"]
[Black "Xiong, Jeffery"]
[Result "0-1"]
[WhiteElo "2664"]
[BlackElo "2712"]
[PlyCount "104"]
[EventDate "2019.11.10"]

1. d4 g6 2. e4 Bg7 3. c4 d6 4. Nc3 e5 5. d5 a5 6. Bd3 Na6 7. a3 Nc5 8. Bc2 Ne7
9. Rb1 f5 10. b4 axb4 11. axb4 Nxe4 12. Nxe4 fxe4 13. Ne2 e3 14. Bxe3 Nf5 15.
Ba4+ Bd7 16. Bxd7+ Qxd7 17. O-O O-O 18. Nc3 Nxe3 19. fxe3 Rxf1+ 20. Qxf1 e4 21.
Nxe4 Qe7 22. Qd3 Re8 23. Nc3 Bxc3 24. Qxc3 Qxe3+ 25. Qxe3 Rxe3 26. Ra1 Rc3 27.
Ra7 Rxc4 28. Rxb7 Kf7 29. b5 Kf6 30. b6 cxb6 31. Rxb6 Ke5 32. Rb7 h5 33. Rg7
Rg4 34. Kf2 Kxd5 35. g3 Kd4 36. Kf3 Rg5 37. h3 Rf5+ 38. Ke2 Re5+ 39. Kf3 Re6
40. g4 d5 41. gxh5 gxh5 42. h4 Re3+ 43. Kf2 Re4 44. Ra7 Rf4+ 45. Kg3 Rf5 46.
Kg2 Ke4 47. Re7+ Kd3 48. Rg7 d4 49. Rg8 Ke4 50. Re8+ Re5 51. Rd8 Ke3 52. Kf1
Re4 0-1

[Event "St Louis Winter A 2019"]
[Site "Saint Louis USA"]
[Date "2019.11.14"]
[Round "5"]
[White "Jumabayev, Rinat"]
[Black "Oparin, Grigoriy"]
[Result "1/2-1/2"]
[WhiteElo "2641"]
[BlackElo "2657"]
[PlyCount "112"]
[EventDate "2019.11.10"]

1. d4 d5 2. c4 e6 3. Nf3 Nf6 4. g3 Bb4+ 5. Bd2 Be7 6. Bg2 O-O 7. O-O c6 8. Qb3
a5 9. Bf4 Nbd7 10. Rc1 Nh5 11. Be3 Nhf6 12. a3 h6 13. Qd1 dxc4 14. Rxc4 e5 15.
dxe5 Nxe5 16. Rd4 Nxf3+ 17. Bxf3 Qc7 18. Qc2 Be6 19. Nd2 Rfd8 20. Rxd8+ Rxd8
21. Nc4 Bxc4 22. Qxc4 Nd5 23. Bd2 Bf6 24. Rb1 Qb6 25. Be1 Nc7 26. Qa4 Ra8 27.
e3 Qc5 28. h4 Ne6 29. Kg2 Qf5 30. Be4 Nc5 31. Bxf5 Nxa4 32. b3 Nb6 33. h5 Be7
34. a4 Nd5 35. Rd1 Bb4 36. Bxb4 Nxb4 37. Rd7 Rb8 38. f4 Nd5 39. Kf3 Nf6 40. Rc7
Ne8 41. Rc8 Rxc8 42. Bxc8 Nd6 43. Bh3 f5 44. Bf1 Kf7 45. Bd3 Ke6 46. g4 fxg4+
47. Kxg4 Kd5 48. Kf3 b5 49. axb5 cxb5 50. e4+ Kc5 51. e5 Nc8 52. Ke4 Ne7 53.
Be2 Nd5 54. Bg4 Nc3+ 55. Kd3 Nd5 56. Ke4 Nc3+ 1/2-1/2

[Event "St Louis Winter A 2019"]
[Site "Saint Louis USA"]
[Date "2019.11.14"]
[Round "5"]
[White "Erdos, Viktor"]
[Black "Akobian, Varuzhan"]
[Result "1/2-1/2"]
[WhiteElo "2613"]
[BlackElo "2627"]
[PlyCount "91"]
[EventDate "2019.11.10"]

1. Nf3 d5 2. d4 Nf6 3. c4 e6 4. Nc3 Be7 5. Bg5 h6 6. Bxf6 Bxf6 7. e3 O-O 8. Rc1
c6 9. Bd3 Nd7 10. O-O dxc4 11. Bxc4 c5 12. Ne4 cxd4 13. Nxd4 Be5 14. f4 Bxd4
15. Qxd4 Nb6 16. Nd6 Nd5 17. Bxd5 Qxd6 18. Bf3 Qxd4 19. exd4 Rd8 20. Rfd1 Rb8
21. Rc7 Rd6 22. d5 Bd7 23. b3 a5 24. Kf2 Be8 25. dxe6 Rxd1 26. Bxd1 fxe6 27.
Bg4 Bf7 28. Bf3 b6 29. Ke3 Kf8 30. h4 Be8 31. Bg4 Bf7 32. Be2 h5 33. Bd3 Rd8
34. Rc6 Rb8 35. Rc7 Rd8 36. Bc4 Rd6 37. a4 Bg6 38. Be2 Kg8 39. Rc8+ Kf7 40. Rh8
Rd5 41. Bc4 Rd6 42. Be2 Kf6 43. Rf8+ Ke7 44. Rg8 Kf7 45. Rh8 Kf6 46. Rf8+
1/2-1/2

[Event "3rd GP Series, Knockout 2019"]
[Site "Hamburg GER"]
[Date "2019.11.15"]
[Round "7"]
[White "Grischuk, Alexander"]
[Black "Duda, Jan-Krzysztof"]
[Result "1/2-1/2"]
[WhiteElo "2764"]
[BlackElo "2748"]
[PlyCount "92"]
[EventDate "2019.11.05"]

1. d4 Nf6 2. c4 e6 3. Nf3 b6 4. g3 Ba6 5. b3 Bb4+ 6. Bd2 Be7 7. Bg2 d5 8. cxd5
exd5 9. O-O O-O 10. Nc3 Re8 11. Ne5 Bb7 12. Rc1 Nbd7 13. Rc2 Bf8 14. Bf4 c5 15.
Nxd7 Qxd7 16. dxc5 bxc5 17. Bg5 d4 18. Bxb7 Qxb7 19. Bxf6 gxf6 20. Na4 Re5 21.
Nb2 Rae8 22. Nc4 Re4 23. e3 f5 24. Qh5 Qd7 25. Rd2 Bg7 26. Rd3 Qe6 27. exd4
cxd4 28. Rf3 Re2 29. Rxf5 Rxa2 30. Rd5 Qg6 31. Qf3 Ra6 32. Rd7 h5 33. h4 Rf6
34. Qd5 Re2 35. Qg5 Qxg5 36. hxg5 Rf5 37. f4 Rb5 38. Rf3 a5 39. Ra7 Rc2 40.
Rxa5 Rb8 41. Kf1 Rc3 42. Rxc3 dxc3 43. Ne3 Rxb3 44. Ke2 Bd4 45. Ra8+ Kh7 46.
Rc8 Bxe3 1/2-1/2

[Event "3rd GP Series, Knockout 2019"]
[Site "Hamburg GER"]
[Date "2019.11.16"]
[Round "8"]
[White "Duda, Jan-Krzysztof"]
[Black "Grischuk, Alexander"]
[Result "1/2-1/2"]
[WhiteElo "2748"]
[BlackElo "2764"]
[PlyCount "75"]
[EventDate "2019.11.05"]

1. d4 Nf6 2. c4 e6 3. Nf3 d5 4. Nc3 Be7 5. Bf4 O-O 6. e3 Nbd7 7. Rc1 c5 8. dxc5
Nxc5 9. cxd5 Nxd5 10. Nxd5 exd5 11. a3 Bd7 12. Qxd5 Rc8 13. e4 Qb6 14. b4 Rfd8
15. bxc5 Bxc5 16. Be2 Bb5 17. Rxc5 Rxc5 18. Qb3 Qc6 19. Be3 Bxe2 20. Bxc5 Bxf3
21. Qxf3 Qxc5 22. O-O b5 23. h4 h6 24. Rb1 a6 25. Rb3 Qe5 26. g3 Rd4 27. Re3 a5
28. Qg4 b4 29. axb4 axb4 30. Qc8+ Kh7 31. Qb7 f6 32. Kg2 Rc4 33. Qd5 Qxd5 34.
exd5 Rd4 35. Rb3 Kg6 36. Kf3 h5 37. Ke3 Rxd5 38. Rxb4 1/2-1/2

[Event "St Louis Winter A 2019"]
[Site "Saint Louis USA"]
[Date "2019.11.15"]
[Round "6"]
[White "Sethuraman, S."]
[Black "Akobian, V."]
[Result "1-0"]
[WhiteElo "2634"]
[BlackElo "2627"]
[PlyCount "85"]
[EventDate "2019.11.10"]

1. e4 e6 2. d4 d5 3. Nc3 Nf6 4. e5 Nfd7 5. f4 c5 6. Nf3 Nc6 7. Be3 a6 8. a3
cxd4 9. Nxd4 Bc5 10. Qd2 O-O 11. h4 Nxd4 12. Bxd4 b5 13. O-O-O Rb8 14. Bxc5
Nxc5 15. Qd4 Qc7 16. h5 Bd7 17. h6 g6 18. b4 Na4 19. Nxa4 bxa4 20. Bxa6 Bb5 21.
Bxb5 Rxb5 22. Rh3 Rc8 23. Rd2 Rb6 24. c4 Qxc4+ 25. Qxc4 Rxc4+ 26. Rc2 Rbc6 27.
Rxc4 Rxc4+ 28. Kb2 Kf8 29. Rc3 Rxf4 30. b5 Ke8 31. b6 Rf2+ 32. Kb1 Rf1+ 33. Kc2
Kd7 34. Rc7+ Kd8 35. Kd3 Rf2 36. Ke3 Rf1 37. Ke2 Rh1 38. Rxf7 Kc8 39. Rxh7 Kb8
40. Kd3 Rd1+ 41. Kc2 Rh1 42. Kc3 Rh4 43. g3 1-0

[Event "St Louis Winter A 2019"]
[Site "Saint Louis USA"]
[Date "2019.11.15"]
[Round "6"]
[White "Oparin, G."]
[Black "Erdos, V."]
[Result "0-1"]
[WhiteElo "2657"]
[BlackElo "2613"]
[PlyCount "164"]
[EventDate "2019.11.10"]

1. Nf3 c5 2. c4 Nf6 3. Nc3 d5 4. cxd5 Nxd5 5. e3 Nxc3 6. bxc3 g6 7. Bb5+ Bd7 8.
Qb3 Bg7 9. Ba3 Qa5 10. Rb1 b6 11. Bc4 O-O 12. O-O Ba4 13. Qb2 Nd7 14. d4 Rfc8
15. Nd2 b5 16. Nb3 Bxb3 17. Bxb3 e6 18. Bd1 Rab8 19. Qb3 Bf8 20. Bc1 a6 21. e4
Nb6 22. Bf4 Rb7 23. Bf3 Na4 24. Rfc1 Qd8 25. Be3 Rbc7 26. d5 c4 27. Qc2 exd5
28. Rd1 Bg7 29. Rxd5 Rd7 30. Rxd7 Qxd7 31. Rd1 Qe7 32. Bd4 Be5 33. g3 Bxd4 34.
cxd4 Qa3 35. Bg4 Rd8 36. Qd2 Nb2 37. Qg5 Re8 38. Rf1 Rxe4 39. Qd8+ Qf8 40. Qd7
Qe7 41. Qc6 Nd3 42. d5 Re1 43. Bh3 Kg7 44. d6 Qa7 45. Qg2 Rxf1+ 46. Qxf1 Qd4
47. d7 Ne5 48. Qe2 Nxd7 49. Bxd7 Qxd7 50. Qe5+ f6 51. Qc5 g5 52. a4 Kg6 53. a5
g4 54. h3 gxh3 55. Kh2 Qf5 56. Qe3 Qe5 57. Qf3 h5 58. Qc6 Qe1 59. Kxh3 Qf1+ 60.
Kh4 Qe2 61. Kh3 Qf1+ 62. Kh4 Qxf2 63. Qe8+ Kf5 64. Qxh5+ Ke4 65. Qh7+ f5 66.
Qb7+ Kd3 67. Qxa6 b4 68. Qd6+ Kc3 69. a6 Qf3 70. Kg5 b3 71. Qe5+ Kc2 72. a7 b2
73. Qxf5+ Qxf5+ 74. Kxf5 b1=Q 75. a8=Q c3 76. Qd5 Qf1+ 77. Kg5 Qd3 78. Qa2+ Kd1
79. Qa1+ Ke2 80. Kh4 c2 81. g4 Qh7+ 82. Kg5 Qe7+ 0-1

[Event "St Louis Winter A 2019"]
[Site "Saint Louis USA"]
[Date "2019.11.15"]
[Round "6"]
[White "Sevian, Samuel"]
[Black "Sarana, A."]
[Result "1/2-1/2"]
[WhiteElo "2657"]
[BlackElo "2664"]
[PlyCount "93"]
[EventDate "2019.11.10"]

1. e4 c5 2. Nf3 d6 3. d4 cxd4 4. Nxd4 Nf6 5. Nc3 a6 6. Be3 e5 7. Nb3 Be6 8. f3
Nbd7 9. g4 b5 10. g5 Nh5 11. Qd2 Be7 12. Nd5 Bxd5 13. exd5 O-O 14. O-O-O f6 15.
g6 hxg6 16. Rg1 Qe8 17. Na5 f5 18. Nc6 Kh7 19. c4 bxc4 20. Bxc4 Bh4 21. Qg2 Qf7
22. Qh3 Bd8 23. Rd2 Bb6 24. Bxb6 Nxb6 25. Bb3 Kg8 26. Qh4 Rfe8 27. Qb4 Nc8 28.
Kb1 a5 29. Qb5 Nf4 30. Nxa5 Kh7 31. Nc6 Ne7 32. Rc1 e4 33. Re1 exf3 34. Nd4
Nexd5 35. Rxe8 Qxe8 36. Qxe8 Rxe8 37. Nxf3 Nf6 38. Ng5+ Kh6 39. Nf7+ Kh5 40.
Nxd6 Ne4 41. Bd1+ Kh4 42. Nxe8 Nxd2+ 43. Kc1 Nc4 44. a4 Nd3+ 45. Kc2 Ndxb2 46.
Be2 Kh3 47. Nxg7 1/2-1/2

[Event "St Louis Winter A 2019"]
[Site "Saint Louis USA"]
[Date "2019.11.15"]
[Round "6"]
[White "Gabuzyan, H."]
[Black "Naroditsky, D."]
[Result "1/2-1/2"]
[WhiteElo "2616"]
[BlackElo "2613"]
[PlyCount "74"]
[EventDate "2019.11.10"]

1. c4 Nf6 2. Nc3 g6 3. g3 Bg7 4. Bg2 O-O 5. d3 d6 6. e4 Nc6 7. Nge2 e5 8. O-O
Nh5 9. Be3 f5 10. exf5 gxf5 11. f4 Nf6 12. Kh1 Kh8 13. Qd2 Be6 14. b4 a6 15.
Rab1 Qd7 16. a4 Rae8 17. b5 axb5 18. axb5 Nd8 19. Nd5 Ng4 20. Bg1 Bxd5 21. cxd5
Qf7 22. b6 c6 23. fxe5 dxe5 24. d4 e4 25. dxc6 Nxc6 26. d5 Nce5 27. Nf4 Rd8 28.
Qe2 Rfe8 29. Ne6 Rxe6 30. dxe6 Qxe6 31. Rbd1 Nd3 32. Rd2 Qh6 33. Rc2 e3 34. h3
Ndf2+ 35. Bxf2 Nxf2+ 36. Rxf2 exf2 37. Qxf2 Bd4 1/2-1/2

[Event "St Louis Winter A 2019"]
[Site "Saint Louis USA"]
[Date "2019.11.16"]
[Round "7"]
[White "Sarana, A."]
[Black "Gabuzyan, H."]
[Result "1-0"]
[WhiteElo "2664"]
[BlackElo "2616"]
[PlyCount "71"]
[EventDate "2019.11.10"]

1. e4 c5 2. Nf3 d6 3. d4 cxd4 4. Nxd4 Nf6 5. Nc3 a6 6. Be3 e5 7. Nb3 Be6 8. f3
h5 9. Nd5 Bxd5 10. exd5 Nbd7 11. Qd2 g6 12. O-O-O Rc8 13. Kb1 Bg7 14. Be2 Qc7
15. c4 b6 16. h4 Nc5 17. g4 Ra8 18. Qc2 a5 19. a3 a4 20. Nc1 Qd7 21. Rdg1 Rc8
22. Na2 Nb3 23. Nc3 Nd4 24. Qd1 O-O 25. Bd3 Rfe8 26. g5 Nh7 27. Nxa4 Qd8 28.
Nc3 Nf8 29. Bxd4 exd4 30. Ne4 Rc7 31. f4 Rce7 32. Qc2 Kh8 33. f5 gxf5 34. Nf6
Ng6 35. Qd1 Nf4 36. Rf1 1-0

[Event "St Louis Winter A 2019"]
[Site "Saint Louis USA"]
[Date "2019.11.16"]
[Round "7"]
[White "Jumabayev, R."]
[Black "Sevian, Samuel"]
[Result "1/2-1/2"]
[WhiteElo "2641"]
[BlackElo "2657"]
[PlyCount "95"]
[EventDate "2019.11.10"]

1. d4 Nf6 2. c4 g6 3. g3 Bg7 4. Bg2 O-O 5. Nf3 d6 6. Nc3 Nbd7 7. O-O e5 8. e4
exd4 9. Nxd4 Nc5 10. Qc2 Ng4 11. Rd1 Ne5 12. Nce2 Bd7 13. h3 Qc8 14. Nf4 Re8
15. Kh2 Nc6 16. Be3 Nb4 17. Qb1 a5 18. Rd2 Ra6 19. Qh1 h5 20. Nfe2 a4 21. Nc3
Ra5 22. Rad1 h4 23. g4 Ne6 24. Nde2 g5 25. Qe1 a3 26. b3 Nf4 27. Nxf4 gxf4 28.
Bd4 Bxd4 29. Rxd4 Nc2 30. Qd2 Nxd4 31. Qxd4 Rae5 32. Nd5 Qd8 33. Nxf4 Bc6 34.
Nh5 Rxh5 35. gxh5 Qg5 36. Re1 f5 37. Rg1 Qf4+ 38. Kh1 Re5 39. Qa7 Re8 40. Qd4
Re5 41. Qa7 Kf7 42. Qb8 Re8 43. Qxc7+ Re7 44. Qc8 Bxe4 45. Bxe4 Qxe4+ 46. Rg2
Qe1+ 47. Kh2 Qe5+ 48. Kh1 1/2-1/2

[Event "St Louis Winter A 2019"]
[Site "Saint Louis USA"]
[Date "2019.11.16"]
[Round "7"]
[White "Erdos, V."]
[Black "Xiong, Jeffery"]
[Result "0-1"]
[WhiteElo "2613"]
[BlackElo "2712"]
[PlyCount "56"]
[EventDate "2019.11.10"]

1. Nf3 d5 2. d4 Nf6 3. c4 e6 4. Nc3 dxc4 5. e4 b5 6. e5 Nd5 7. Nxb5 Nb6 8. Be2
Be7 9. O-O Nc6 10. Qd2 Bb7 11. Rd1 Qd7 12. Qf4 g5 13. Nxg5 Bxg5 14. Qxg5 Ne7
15. d5 Nbxd5 16. a4 Rg8 17. Qd2 a6 18. Nd4 O-O-O 19. f3 Ng6 20. Bxc4 c5 21. Nc2
Nh4 22. Ne1 Rxg2+ 23. Qxg2 Nxg2 24. Nxg2 Qc7 25. Bh6 Qxe5 26. Rac1 Rg8 27. Bf1
Qf6 28. Rxc5+ Kb8 0-1

[Event "St Louis Winter A 2019"]
[Site "Saint Louis USA"]
[Date "2019.11.16"]
[Round "7"]
[White "Akobian, V."]
[Black "Oparin, G."]
[Result "1/2-1/2"]
[WhiteElo "2627"]
[BlackElo "2657"]
[PlyCount "186"]
[EventDate "2019.11.10"]

1. d4 d5 2. c4 e6 3. Nc3 Be7 4. Nf3 Nf6 5. Bf4 O-O 6. e3 Nbd7 7. a3 c5 8. cxd5
Nxd5 9. Nxd5 exd5 10. dxc5 Nxc5 11. Be5 Bg4 12. Be2 Bxf3 13. Bxf3 Bf6 14. Bxf6
Qxf6 15. Qxd5 Qxb2 16. O-O Rac8 17. Rfb1 Qf6 18. Qd4 Qe7 19. a4 Rfd8 20. Qb4 b6
21. a5 Rd6 22. axb6 axb6 23. Rd1 g6 24. Rxd6 Qxd6 25. Rb1 Rb8 26. g3 Qf6 27.
Kg2 Kg7 28. Qb5 h5 29. h4 Qe6 30. Rb4 Qd7 31. Qc4 Qe6 32. Bd5 Qf6 33. Qc2 Rf8
34. Rf4 Qe5 35. Qa2 f5 36. Rb4 Rd8 37. Bc6 Rc8 38. Qa7+ Qc7 39. Qxc7+ Rxc7 40.
Rxb6 Nd7 41. Bxd7 Rxd7 42. Kf3 Rd2 43. Kf4 Kh6 44. f3 Rf2 45. Rb7 Rf1 46. Rf7
Rf2 47. Rd7 Rf1 48. Rd2 Kg7 49. e4 fxe4 50. Kxe4 Ra1 51. Rd4 Ra6 52. g4 hxg4
53. fxg4 Kf6 54. g5+ Ke6 55. Rb4 Ra1 56. Rb6+ Kf7 57. Rb4 Ke6 58. Kf4 Rf1+ 59.
Kg3 Rg1+ 60. Kf2 Ra1 61. Rf4 Ke5 62. Rf3 Ra2+ 63. Kg3 Ra1 64. Re3+ Kf5 65. Rf3+
Ke5 66. Kh3 Rb1 67. Rf6 Rb3+ 68. Kg4 Rb4+ 69. Kg3 Rb3+ 70. Kf2 Rb2+ 71. Kg3
Rb3+ 72. Rf3 Rb1 73. Ra3 Ke6 74. Ra6+ Kf7 75. Rf6+ Kg7 76. Rf4 Rg1+ 77. Kf3
Rf1+ 78. Ke3 Ra1 79. Rd4 Kf7 80. Rf4+ Kg7 81. Ke4 Ra3 82. Kd5 Ra5+ 83. Kc6 Ra6+
84. Kb7 Ra1 85. Rc4 Kf7 86. Kc7 Ke6 87. Rf4 Ke5 88. Rf6 Rh1 89. Kd7 Rxh4 90.
Rxg6 Kf5 91. Rg8 Rg4 92. g6 Rxg6 93. Rxg6 Kxg6 1/2-1/2

[Event "European Club Cup 2019"]
[Site "Budva MNE"]
[Date "2019.11.15"]
[Round "6"]
[White "Dominguez Perez, Leinier"]
[Black "Rapport, Richard"]
[Result "1/2-1/2"]
[WhiteElo "2762"]
[BlackElo "2752"]
[PlyCount "170"]
[EventDate "2019.11.10"]
[WhiteTeam "Mednyi Vsadnik"]
[BlackTeam "Obiettivo Risarcimento Padova"]

1. e4 e5 2. Nf3 Nc6 3. Bc4 Nf6 4. d3 Be7 5. O-O O-O 6. Re1 d6 7. a4 h6 8. Nc3
Na5 9. Ba2 c5 10. Nd5 Nxd5 11. Bxd5 Nc6 12. c3 Bf6 13. Be3 Re8 14. b4 cxb4 15.
Qb3 Be6 16. Bxe6 Rxe6 17. cxb4 Ne7 18. Rac1 d5 19. Bc5 Qd7 20. Bxe7 Rxe7 21.
Rc5 dxe4 22. dxe4 Rd8 23. g3 Qd3 24. Rc3 Qd6 25. Kg2 Rc7 26. Rec1 Rxc3 27. Rxc3
g6 28. Rc5 a6 29. Qc4 Kg7 30. b5 axb5 31. Qxb5 Qd7 32. Qc4 Qd3 33. Nxe5 Bxe5
34. Qxd3 Rxd3 35. Rxe5 Rd4 36. a5 b6 37. axb6 Rb4 38. h4 h5 39. Kf3 Rxb6 40.
Rd5 Rb2 41. Ke3 Rb3+ 42. Rd3 Rb2 43. Rd2 Rb4 44. Kf4 Ra4 45. Rc2 Kf6 46. Re2
Kg7 47. Rb2 Kf6 48. Rb7 Kg7 49. Rd7 Ra2 50. Ke3 Ra3+ 51. Rd3 Ra4 52. Rd2 Ra3+
53. Kf4 Ra4 54. f3 Ra1 55. g4 hxg4 56. Kxg4 Rg1+ 57. Kf4 Rh1 58. Kg3 Rg1+ 59.
Kf4 Rh1 60. Kg3 Rg1+ 61. Rg2 Rh1 62. Rh2 Rg1+ 63. Kf4 Kh6 64. Ke5 Rf1 65. Rh3
Kg7 66. Kf4 Kh6 67. Rh2 Rg1 68. Rc2 Rh1 69. Kg3 Rg1+ 70. Kh2 Rf1 71. Kg2 Re1
72. Rc5 Re2+ 73. Kg3 Re1 74. Rc7 Kg7 75. Re7 Rg1+ 76. Kh2 Rf1 77. Kg3 Rg1+ 78.
Kh2 Rf1 79. Kg2 Re1 80. Ra7 Re2+ 81. Kg3 Re1 82. Ra2 Rg1+ 83. Rg2 Rh1 84. Rh2
Rg1+ 85. Kf4 Kh6 1/2-1/2

[Event "European Club Cup 2019"]
[Site "Budva MNE"]
[Date "2019.11.15"]
[Round "6"]
[White "Adams, Michael"]
[Black "Matlakov, Maxim"]
[Result "1/2-1/2"]
[WhiteElo "2692"]
[BlackElo "2710"]
[PlyCount "60"]
[EventDate "2019.11.10"]
[WhiteTeam "Obiettivo Risarcimento Padova"]
[BlackTeam "Mednyi Vsadnik"]

1. e4 e5 2. Nf3 Nc6 3. Bc4 Nf6 4. d3 Bc5 5. c3 d6 6. O-O a5 7. Re1 O-O 8. h3
Be6 9. Bb5 Ba7 10. Be3 Bxe3 11. Rxe3 Ne7 12. d4 Ng6 13. Nbd2 c6 14. Bf1 a4 15.
b4 axb3 16. axb3 b5 17. b4 Qb6 18. Re1 h6 19. Qc2 Ra7 20. Rxa7 Qxa7 21. c4 bxc4
22. Nxc4 Bxc4 23. Qxc4 Qb6 24. Rc1 Rb8 25. Qxc6 Qxb4 26. Rc4 Qb1 27. Rc1 Qb4
28. Rc4 Qb1 29. Rc1 Qb4 30. Rc4 Qb1 1/2-1/2

[Event "European Club Cup 2019"]
[Site "Budva MNE"]
[Date "2019.11.15"]
[Round "6"]
[White "Vallejo Pons, Francisco"]
[Black "Fedoseev, Vladimir3"]
[Result "1/2-1/2"]
[WhiteElo "2694"]
[BlackElo "2672"]
[PlyCount "63"]
[EventDate "2019.11.10"]
[WhiteTeam "Obiettivo Risarcimento Padova"]
[BlackTeam "Mednyi Vsadnik"]

1. e4 e5 2. Nf3 Nc6 3. Bb5 a6 4. Ba4 Nf6 5. d3 Bc5 6. c3 d6 7. Bg5 h6 8. Bh4
Ba7 9. Nbd2 Bd7 10. Nf1 g5 11. Bg3 Nh5 12. Ne3 Bxe3 13. fxe3 Nxg3 14. hxg3 Qe7
15. Nd2 O-O-O 16. Qe2 Qe6 17. Bb3 Qg6 18. g4 Na5 19. Bd1 Nc6 20. Bb3 Na5 21.
Bd1 Nc6 22. Qf3 Rdf8 23. Nf1 Ne7 24. Ng3 d5 25. O-O Qb6 26. Bb3 d4 27. Rae1 f6
28. cxd4 exd4 29. e5 dxe3 30. exf6 e2+ 31. Rf2 Ng6 32. Rexe2 1/2-1/2

[Event "European Club Cup 2019"]
[Site "Budva MNE"]
[Date "2019.11.15"]
[Round "6"]
[White "Mamedyarov, Shakhriyar"]
[Black "Ponomariov, Ruslan"]
[Result "1-0"]
[WhiteElo "2772"]
[BlackElo "2648"]
[PlyCount "99"]
[EventDate "2019.11.10"]
[WhiteTeam "Alkaloid"]
[BlackTeam "SK Joly Lysa nad Labem"]

1. d4 Nf6 2. c4 e6 3. Nc3 Bb4 4. Nf3 c5 5. g3 cxd4 6. Nxd4 O-O 7. Bg2 d5 8. Nc2
Bxc3+ 9. bxc3 Qc7 10. cxd5 Nxd5 11. Nb4 Qxc3+ 12. Bd2 Qc5 13. Rc1 Qb5 14. a4
Qd7 15. O-O Re8 16. Qb3 Nb6 17. Rfd1 Qxa4 18. Qb1 N8d7 19. Bc3 a5 20. Na2 Nd5
21. Bb2 Qg4 22. Rd4 Qg6 23. e4 Nb4 24. Nxb4 axb4 25. Rxc8 Raxc8 26. Rxd7 Red8
27. Qd1 Qg5 28. h4 Rxd7 29. Qxd7 Rd8 30. Qc7 Qd2 31. Bf3 Kh8 32. Kg2 Rg8 33.
Ba1 b3 34. Qxb7 Qa5 35. Bb2 Qa2 36. Bd4 f6 37. e5 f5 38. Qb6 Qd2 39. Bc6 f4 40.
g4 Qd1 41. Bf3 Qd3 42. h5 h6 43. Bb2 Qc4 44. Ba3 Rc8 45. Qd6 Kg8 46. Bb7 Re8
47. Bc6 Rc8 48. Bd7 Qe4+ 49. Kh2 Qe2 50. Bc5 1-0

[Event "European Club Cup 2019"]
[Site "Budva MNE"]
[Date "2019.11.15"]
[Round "6"]
[White "Yemelin, Vasily"]
[Black "Andreikin, Dmitry"]
[Result "0-1"]
[WhiteElo "2533"]
[BlackElo "2733"]
[PlyCount "88"]
[EventDate "2019.11.10"]
[WhiteTeam "SK Joly Lysa nad Labem"]
[BlackTeam "Alkaloid"]

1. e4 e5 2. Nf3 Nc6 3. Bb5 Nf6 4. d3 Bc5 5. c3 O-O 6. O-O d6 7. Ba4 Bb6 8. Nbd2
Ne7 9. Nc4 Ng6 10. h3 h6 11. Bc2 Be6 12. a4 c5 13. Nxb6 Qxb6 14. d4 cxd4 15.
cxd4 Rac8 16. Re1 a5 17. d5 Bd7 18. b3 Nh5 19. Nd2 Ngf4 20. Nc4 Qd8 21. Bxf4
Nxf4 22. Re3 Qc7 23. Bd3 f5 24. Qd2 Nxd3 25. Rxd3 fxe4 26. Rg3 Rf4 27. Qxa5 e3
28. Qxc7 exf2+ 29. Kf1 Rxc7 30. Rf3 Rd4 31. Nxd6 Rxd5 32. Nc4 e4 33. Rxf2 Rd3
34. Re2 Rxb3 35. Rxe4 Bc6 36. Re3 Rb4 37. Nd6 Rd7 38. Nc8 Kh7 39. Ne7 Be4 40.
Nc8 Rd2 41. Rae1 Bxg2+ 42. Kg1 Rxa4 43. Ne7 Rf4 44. Kh2 Bf1+ 0-1

[Event "European Club Cup 2019"]
[Site "Budva MNE"]
[Date "2019.11.15"]
[Round "6"]
[White "Howell, David W L"]
[Black "Dreev, Aleksey"]
[Result "1/2-1/2"]
[WhiteElo "2701"]
[BlackElo "2671"]
[PlyCount "60"]
[EventDate "2019.11.10"]
[WhiteTeam "Valerenga"]
[BlackTeam "Moscow Chess Team"]

1. e4 c6 2. Nf3 d5 3. Nc3 Bg4 4. h3 Bxf3 5. Qxf3 e6 6. d4 dxe4 7. Qxe4 Nf6 8.
Qd3 Nbd7 9. g3 Bd6 10. Bg2 O-O 11. O-O Qc7 12. Bd2 Rad8 13. Rad1 Rfe8 14. Rfe1
e5 15. d5 e4 16. Nxe4 Rxe4 17. Bxe4 Nc5 18. Qf3 Ncxe4 19. Rxe4 Nxe4 20. Qxe4
cxd5 21. Qd3 Be5 22. c3 h6 23. Be3 a6 24. Kg2 Qc6 25. Bd4 Re8 26. Rd2 b5 27. a3
Re6 28. h4 h5 29. Qf3 Bxd4 30. Rxd4 Re5 1/2-1/2

[Event "European Club Cup 2019"]
[Site "Budva MNE"]
[Date "2019.11.15"]
[Round "6"]
[White "Mamedov, Rauf"]
[Black "Harikrishna, Pentala"]
[Result "1/2-1/2"]
[WhiteElo "2648"]
[BlackElo "2731"]
[PlyCount "108"]
[EventDate "2019.11.10"]
[WhiteTeam "Vugar Gashimov"]
[BlackTeam "AVE Novy Bor"]

1. e4 e6 2. d4 d5 3. Nd2 c5 4. Ngf3 Nc6 5. exd5 exd5 6. Bb5 Qe7+ 7. Be2 Qc7 8.
O-O Nf6 9. Bb5 cxd4 10. Re1+ Be7 11. Qe2 a6 12. Bxc6+ bxc6 13. b4 Be6 14. Nxd4
O-O 15. Nxe6 fxe6 16. Qxe6+ Rf7 17. Bb2 Bxb4 18. Bxf6 Bxd2 19. Re2 Bf4 20. Be5
Bxe5 21. Rxe5 Raf8 22. Rb1 h6 23. f3 Kh7 24. Ree1 Rf4 25. Qe3 Qf7 26. Qd3+ Qg6
27. Re7 Qxd3 28. cxd3 R8f7 29. Rxf7 Rxf7 30. Rb6 c5 31. Rc6 Rb7 32. Rxc5 Rb1+
33. Kf2 Rb2+ 34. Kg3 Rxa2 35. Rxd5 a5 36. h4 a4 37. Ra5 Rd2 38. Rxa4 Rxd3 39.
h5 Kg8 40. Kf4 Kf7 41. g4 Rd5 42. Ke4 Rb5 43. Ra7+ Kf6 44. Ra6+ Kf7 45. Rd6 Ra5
46. Rd5 Ra4+ 47. Kf5 Ra7 48. f4 Rc7 49. Ra5 Rb7 50. g5 hxg5 51. fxg5 g6+ 52.
hxg6+ Kg7 53. Ra6 Rb5+ 54. Kg4 Rb1 1/2-1/2

[Event "European Club Cup 2019"]
[Site "Budva MNE"]
[Date "2019.11.15"]
[Round "6"]
[White "Vidit, Santosh Gujrathi"]
[Black "Asadli, Vugar"]
[Result "1-0"]
[WhiteElo "2722"]
[BlackElo "2513"]
[PlyCount "63"]
[EventDate "2019.11.10"]
[WhiteTeam "AVE Novy Bor"]
[BlackTeam "Vugar Gashimov"]

1. d4 Nf6 2. c4 g6 3. g3 Bg7 4. Bg2 O-O 5. Nc3 Nc6 6. e3 d6 7. Nge2 e5 8. d5
Nb8 9. Rb1 Nh5 10. e4 f5 11. exf5 gxf5 12. f4 Nd7 13. O-O e4 14. Nd4 Nb6 15. b3
Bd7 16. Be3 Nf6 17. Bh3 Qc8 18. a4 a5 19. Rc1 c5 20. dxc6 bxc6 21. Nxf5 Bxf5
22. Bxf5 Qxf5 23. Bxb6 Qh3 24. Rc2 c5 25. Nb5 Ra6 26. Qxd6 Kh8 27. Qc7 Qe6 28.
Bxc5 Rc8 29. Qe5 Qh3 30. Bd4 Re6 31. Qg5 e3 32. f5 1-0